000 00342pam a2200157a 44500
008 230405s2004 xxu||||| |||| 00| 0 eng d
041 _aENG
100 _aThomas D. Kuczmarski
245 _aManaging New Products
250 _a1
260 _a
_bViva
_c2004
300 _a274p,24cms
440 _a295
690 _aIMRDA
906 _a2460
999 _c255319
_d255319